Market leader : (Record no. 2432)
[ view plain ]
| 000 -LEADER | |
|---|---|
| fixed length control field | 00671nam a2200205 ar4500 |
| 001 - CONTROL NUMBER | |
| control field | 2434 |
| 005 - DATE AND TIME OF LATEST TRANSACTION | |
| control field | 20221127090435.0 |
| 008 - FIXED-LENGTH DATA ELEMENTS--GENERAL INFORMATION | |
| fixed length control field | 110201s xxka 00010|eng d |
| 020 ## - INTERNATIONAL STANDARD BOOK NUMBER | |
| International Standard Book Number | 9780582838208 : |
| Terms of availability | SR81.00 |
| 082 04 - DEWEY DECIMAL CLASSIFICATION NUMBER | |
| Classification number | 428.2402465 |
| Item number | R632 2005 |
| 100 1# - MAIN ENTRY--PERSONAL NAME | |
| Personal name | Rogers, John. |
| 245 10 - TITLE STATEMENT | |
| Title | Market leader : |
| Remainder of title | intermediate business English practice file / |
| Statement of responsibility, etc. | John Rogers. |
| 250 ## - EDITION STATEMENT | |
| Edition statement | New ed. |
| 260 ## - PUBLICATION, DISTRIBUTION, ETC. | |
| Place of publication, distribution, etc. | Harlow, England : |
| Name of publisher, distributor, etc. | Pearson/Financial Times, |
| Date of publication, distribution, etc. | 2005. |
| 300 ## - PHYSICAL DESCRIPTION | |
| Extent | 110 p. ; |
| Dimensions | 30 cm. |
| Accompanying material | 1 CD. |
| 500 ## - GENERAL NOTE | |
| General note | Prev. ed. : 2000. |
| 650 #4 - SUBJECT ADDED ENTRY--TOPICAL TERM | |
| Topical term or geographic name entry element | English language |
| General subdivision | Business English. |
| 650 #4 - SUBJECT ADDED ENTRY--TOPICAL TERM | |
| Topical term or geographic name entry element | English language |
| General subdivision | Study and teaching. |
| 650 #4 - SUBJECT ADDED ENTRY--TOPICAL TERM | |
| Topical term or geographic name entry element | English language |
| Form subdivision | Textbooks. |
| Withdrawn status | Lost status | Source of classification or shelving scheme | Damaged status | Not for loan | Home library | Current library | Date acquired | Total Checkouts | Full call number | Barcode | Date last seen | Copy number | Price effective from | Koha item type |
|---|---|---|---|---|---|---|---|---|---|---|---|---|---|---|
| 11/27/2022 | 428.2402465 R632 2005 | 1000000009619 | 11/27/2022 | C1 | 11/27/2022 | Book | ||||||||
| 11/27/2022 | 428.2402465 R632 2005 | 1000000009521 | 11/27/2022 | C2 | 11/27/2022 | CD |
